00446nam a2200169Ia 4500003000400000005001700004008004100021040000900062082001500071100002200086245005500108250001300163260004000176300000900216942003600225999001500261OSt20200120124047.0190216s9999||||xx |||||||||||||| ||und|| coclc a658bSHU/B aShukla, M C91149 0aBusiness Organisation And Management /cM C Shukla a17th ed. bSulthan Chand&Sons,c2002.aDelhi: a878p cBK2ddch658iSHU/Bk658mSHU/B c5205d5205